000 00429nam a2200145Ia 4500
008 230719s9999 xx 000 0 und d
041 _aeng
082 _a158.2
_bCHR
100 _aChristensen C.
245 _aCompeting Against Luck
_bThe Story Of Innovation and Customer Choice
260 _c2016
_bHarper Business
300 _a262
365 _cRs.
_b164.00
700 _aChristensen C.; Hall T.; Dillan K. & Duncan D.
_9203869
999 _c354471
_d354471